000 00475nam a2200169Ia 4500
005 20250530163034.0
008 008 250505s9999 xx 000 0 eng d
020 _a9788119129874
040 _beng
_cILCL
041 _aeng
_2eng
100 _aKumar, H L
245 0 _aGuide to The Delhi Shops & Establishments Act and Rules
250 _a12
260 _aDelhi
_bLaw and Justice Publishing Company
_c2024
300 _axv,217p.
942 _cTB
_2Colon Classification
999 _c1311978
_d1311978